000 00837nam a2200193Ii 4500
003 JO-AjNU
008 230605s9999||||xx |||||||||||||| ||und||
040 _aJO-AjNU
_bara
_erda
_cJO-AjNU
041 _aara
050 1 4 _aKRM500.S26.1952
100 3 _aتأليف السنهوري، عبد الرزاق بن أحمد,
_eauthor
_946946
245 0 0 _aالوسيط في شرح القانون المدني (1) : نظرية الالتزام بوجه عام، مصادر الالتزام
264 3 1 _aالقاهرة: دار النشرللجامعات المصرية، 1952
300 _aم1، 1330ص
336 _atext
_btxt
_2rdacontent
337 _aunmediated
_bn
_2rdamedia
338 _avolume
_bnc
_2rdacarrier
650 4 _aالالتزامات -- قوانين وتشريعات -- مصر-- القانون المدني -- مصر
_946947
999 _aA20460
_c24028
_d24028